000 00457nmm a2200157Ia 4500
008 251105s9999||||xx |||||||||||||||||und||
020 _a9789580613084
041 _aspa
100 _aOviedo Pérez, Jesús
245 0 _aEl poder de lo esencial
264 _a[Bogotá, Colombia] :
_bOveja Negra,
_c2015
300 _a111 páginas
650 _aSelf-help and personal development
856 _uhttps://public.digitaliapublishing.com/a/37779
942 _cCF
999 _c94953
_d94953